| 000 | 00666nam a2200217 i 4500 | ||
|---|---|---|---|
| 001 | 105941 | ||
| 003 | ES-MaACL | ||
| 007 | t| | ||
| 008 | 060913s1964 fr ||||1| fre d | ||
| 080 | _a94(443.61 P.)"1871" | ||
| 100 | 1 |
_aRougerie, Jacques. _9100018 |
|
| 245 | 1 | 0 |
_aProcès des Communards / _cprésentés par Jacques Rougerie. |
| 260 |
_a[Paris] : _bRené Julliard, _c[1964] |
||
| 300 |
_a260 p., [16] p. de lám. ; _c18 cm. |
||
| 490 | 1 |
_aArchives ; _v11 |
|
| 500 | _aBiblioteca Juan Andrade. | ||
| 651 | 4 |
_aParís- _xHistoria- _y1871, Comuna. _99212 |
|
| 830 | 0 |
_aArchives ; _v11 _9185124 |
|
| 852 |
_aES-MaACL _jAND-879 _bR.110167 |
||
| 999 |
_c105941 _d105941 |
||